000 00280nam a22001217a 4500
008 181102b xxu||||| |||| 00| 0 eng d
041 _aeng
080 _a101
100 _a23
101 _asoc
245 _aPhilosophy Problems And Perspectives
_cSolomon.R.C
942 _2udc
_cBK
999 _c51771
_d51771